000 01180cam a22003497a 4500
003 CHAP
005 20220329140456.0
008 971013s1978 r 00010 d
010 _a52527
011 _a53499
035 _a57649
040 _cCHAP
090 _aFolleto 5944
100 0 0 _aSánchez Enríquez, Rodrigo.
_9107489
245 1 3 _aEl problema de la conciencia de clase en el movimiento campesino de Andahuaylas de 1974
260 _aHuancayo, Perú :
_bInstituto de Estudios Andinos,
_c(1978)
300 _a30 p.
_b: ilus.
490 0 _aCuadernos de IEA
_v; 1
590 _aBATCH-UPD
_b10
_c20130110
_lUCH01
_h0543
590 _aBATCH-UPD
_b10
_c20130110
_lUCH01
_h2325
590 _aBATCH-UPD
_b10
_c20130410
_lUCH01
_h1615
590 _aBATCH-UPD
_b10
_c20130914
_lUCH01
_h0828
590 _aCONVERSION
_b10
_c20130109
_lUCH01
_h1328
650 1 4 _aCampesinado
_xPerú.
_918032
650 1 4 _aClases sociales.
_923673
650 1 4 _aMovimientos sociales.
_979169
830 0 _aCuadernos de IEA
_v; 1
_929785
901 _aBK
942 _cFOLL
949 _aFolleto 5944
_bBC
_cFOLL
_d-125328
_eTS1
_i57649
_si
949 _aFolleto 5944
_bBC
_cFOLL
_d-125329
_eTS2
_fc.2
_i57649
_si
999 _c52527
_d52527